Schnelle Mathematik - Multiplikation zur Basis 6 Level 04 - Statistiken

Allgemein
  • Dieses Quiz wurde 60 mal gespielt
  • Das Durchschnittsergebnis liegt bei 12 aus 20
Antwortstatistiken
Frage Antwort % Korrekt
0⋅1 0
100%
0⋅3 0
100%
1⋅10 10
100%
2⋅10 20
100%
2⋅2 4
100%
4⋅10 40
100%
10⋅0 0
90%
1⋅1 1
89%
0⋅2 0
88%
10⋅2 20
88%
10⋅4 40
88%
0⋅4 0
86%
2⋅1 2
86%
1⋅3 3
86%
4⋅1 4
86%
3⋅0 0
83%
4⋅0 0
83%
5⋅10 50
83%
5⋅0 0
80%
1⋅2 2
80%
5⋅1 5
80%
3⋅1 3
79%
2⋅0 0
78%
10⋅1 10
75%
1⋅4 4
75%
0⋅5 0
71%
10⋅10 100
71%
0⋅0 0
67%
1⋅0 0
67%
10⋅3 30
67%
1⋅5 5
67%
10⋅5 50
67%
3⋅10 30
63%
0⋅10 0
60%
2⋅4 12
25%
3⋅3 13
25%
5⋅2 14
23%
3⋅4 20
22%
2⋅5 14
18%
5⋅4 32
17%
2⋅3 10
14%
3⋅2 10
14%
5⋅3 23
14%
4⋅4 24
14%
4⋅5 32
11%
5⋅5 41
9%
4⋅2 12
0%
4⋅3 20
0%
3⋅5 23
0%
Keine übereinstimmenden Quizze gefunden
Verteilung der Resultate
Anzahl Personen mit jedem Resultat
Perzentil nach korrekt beantworteten Fragen
Ihre Resultats-Entwicklung
Sie haben dieses Quiz noch nicht gespielt